000
00222 a2200097 4500
001
48688
100
_a
Looms, R.D
245
_a
The story of the US Air Force
260
_a
New York
_b
Random house
_c
090
_c
31602
_d
31602
942
_a
NUST-CAE
_c
M
_c
24006
999
_c
283761
_d
283761